00450nam a22001457a 4500008004100000020001800041040005500059080001700114100002200131245005300153246002300206260004400229300001000273650002100283230711b |||||||| |||| 00| 0 eng d a9788171786954 aNational Science LibrarycNational Science Library a82-31RAZbQ5 aRahi, Masoom Raza aदिल एक सादा काग़ज़ aDil ek sada kaghaz aNew Delhi: bRajkamla Prakashan, c2015 a210p. aHindi literature